Kamus asas bahasa jepun-bahasa melayu

Bibliographic Details
Format: Book
Published: K.L : Fajar Bakti , 1993
Subjects:

MARC

LEADER 00000cam a2200000 7i4500
001 0000002924
002 000003163
005 20000330.0
020 |a 9676525251 
090 0 0 |a 433.21   |b KAM 
245 0 0 |a Kamus asas bahasa jepun-bahasa melayu 
260 |a K.L :   |b Fajar Bakti ,   |c 1993 
300 |a 958p. ;   |c 19cm. 
650 0 0 |a Japanese language   |x Malay language   |x Dictonaries 
999 |a 036482   |b BUKU   |c RUJUKAN   |e PERPUSTAKAAN KOMUNITI PETALING JAYA